| 000 -LEADER |
| fixed length control field |
01424cam a2200337 a 4500 |
| 001 - CONTROL NUMBER |
| control field |
403771 |
| 003 - CONTROL NUMBER IDENTIFIER |
| control field |
OSt |
| 005 - DATE AND TIME OF LATEST TRANSACTION |
| control field |
20230306140320.0 |
| 008 - FIXED-LENGTH DATA ELEMENTS--GENERAL INFORMATION |
| fixed length control field |
160217s2010 enka j 001 0 eng d |
| 010 ## - LIBRARY OF CONGRESS CONTROL NUMBER |
| LC control number |
2015509347 |
| 020 ## - INTERNATIONAL STANDARD BOOK NUMBER |
| International Standard Book Number |
9780439944571 |
| Qualifying information |
(pbk.) : |
| 037 ## - SOURCE OF ACQUISITION |
| Source of stock number/acquisition |
公共圖書館臺東分區資源中心 |
| 040 ## - CATALOGING SOURCE |
| Original cataloging agency |
NF |
| Transcribing agency |
TTCT |
| Modifying agency |
TTCT |
| -- |
KH8 |
| 042 ## - AUTHENTICATION CODE |
| Authentication code |
nbic |
| 082 0# - DEWEY DECIMAL CLASSIFICATION NUMBER |
| Classification number |
551.22 GAN |
| 100 1# - MAIN ENTRY--PERSONAL NAME |
| Personal name |
Ganeri, Anita, |
| Dates associated with a name |
1961- |
| Relator term |
author |
| 245 10 - TITLE STATEMENT |
| Title |
Earth-shattering earthquakes / |
| Statement of responsibility, etc. |
Anita Ganeri ; illustrated by Mike Phillips. |
| 260 ## - PUBLICATION, DISTRIBUTION, ETC. |
| Place of publication, distribution, etc. |
London : |
| Name of publisher, distributor, etc. |
Scholastic, |
| Date of publication, distribution, etc. |
2010. |
| 300 ## - PHYSICAL DESCRIPTION |
| Extent |
[128] p. : |
| Other physical details |
ill. ; |
| Dimensions |
20 cm. |
| 490 1# - SERIES STATEMENT |
| Series statement |
Horrible geography. |
| 500 ## - GENERAL NOTE |
| General note |
128 pages: text has 127 numbered pages, and ends with page numbered 96. |
| 500 ## - GENERAL NOTE |
| General note |
Includes index. |
| 505 0# - FORMATTED CONTENTS NOTE |
| Formatted contents note |
Machine generated contents note: A shocking true story -- Cracking up -- Whose fault is it? -- Shattering shock waves -- On very shaky ground -- Earthquake experts -- Shocking warning signs -- Surviving the shock -- A shaky future? |
| 520 ## - SUMMARY, ETC. |
| Summary, etc. |
It's "Horrible Geography's" turn to get a revamp. With a brand-new cover design, updated text and now including a horrible index, it's geography with even more gritty bits left in! |
| 650 #0 - SUBJECT ADDED ENTRY--TOPICAL TERM |
| Topical term or geographic name entry element |
Earthquakes |
| Form subdivision |
Juvenile literature. |
| 653 ## - INDEX TERM--UNCONTROLLED |
| Uncontrolled term |
英語學習 |
| 653 ## - INDEX TERM--UNCONTROLLED |
| Uncontrolled term |
青少年 |
| 700 1# - ADDED ENTRY--PERSONAL NAME |
| Personal name |
Phillips, Mike, |
| Dates associated with a name |
1961- |
| Relator term |
illustrator |
| 830 #0 - SERIES ADDED ENTRY--UNIFORM TITLE |
| Uniform title |
Horrible geography. |
| 942 ## - ADDED ENTRY ELEMENTS (KOHA) |
| Source of classification or shelving scheme |
|
| Koha item type |
Books - Non Ficton |